000 00591nam a22002297a 4500
003 UA-OsUOA
001 42931
007 ta
008 20061130b un ||||| |||| 00| 0 ukr d
100 _aТанк М.
090 _a821.161.3
_bТ18
942 _cBK
040 _aUA-OsUOA
_brus
_cUA-OsUOA
_dUA-OsUOA
245 _aЛірика
300 _a478 с.
955 _a3
041 _arus
080 _a821.161.3
260 _aМінск
_bМастацкая літаратура
_c1987
650 7 _a82 Література. Літературознавство
_2UDC
999 _c329063
_d329063